| 000 | 00750pam a2200229 a 4500 | ||
|---|---|---|---|
| 001 | 4033842 | ||
| 005 | 20180307031453.0 | ||
| 008 | 980514s1999 nyua p 001 0 eng c | ||
| 010 | _a 98024810 | ||
| 020 | _a0766800636 | ||
| 040 |
_aDNLM/DLC _cDLC _dDLC |
||
| 041 | _aeng | ||
| 060 | 1 | 0 | _aW 18.2 S648m 1999 |
| 080 | _a610.14 SMI | ||
| 082 | 0 | 0 |
_a610.14 SMI _221 |
| 100 | 1 | _a4 | |
| 101 | _aSHM | ||
| 245 | 1 | 0 |
_aMedical terminology : _cGenevieve Love Smith, Phyllis E. Davis, Jean Tannis Dennerll. |
| 906 |
_a7 _bcbc _corignew _d1 _eocip _f19 _gy-gencatlg |
||
| 942 |
_2ddc _cBK |
||
| 999 |
_c44234 _d44234 |
||